Detalles MARC
| 000 -CABECERA |
| Longitud fija campo de control |
01281naa a2200313 i 4500 |
| 003 - IDENTIFICADOR DEL NUMERO DE CONTROL |
| Identificador del número de control |
CO-BoRNBP |
| 005 - FECHA Y HORA DE LA ULTIMA TRANSACCION |
| Fecha y hora de la última transacción |
20240927114134.0 |
| 007 - CAMPO FIJO DE DESCRIPCION FISICA |
| Campo fijo de descripción física |
ta |
| 008 - CODIGOS DE INFORMACION DE LONGITUD FIJA |
| Códigos de información de longitud fija |
090127s2001 ck s 000 0 spa d |
| 020 ## - NUMERO INTERNACIONAL NORMALIZADO PARA LIBROS |
| Número Internacional Normalizado para Libros (ISBN) |
9586482774 |
| 040 ## - FUENTE DE LA CATALOGACION |
| Centro catalogador de origen |
UMA.RE |
| Centro modificado |
vLex |
| Lengua de catalogación |
spa |
| Centro transcriptor |
CO-BoRNBP |
| Normas de descripción |
rda |
| 082 ## - NUMERO DE LA CLASIFICACION DECIMAL DEWEY |
| Número de clasificación (R) |
340.56 R64m |
| 999 0# - SYSTEM CONTROL NUMBERS (KOHA) |
| Koha Dewey Subclass [OBSOLETE] |
Bogotá |
| 100 1# - PUNTO DE ACCESO PRINCIPAL-NOMBRE DE PERSONA |
| Nombre de persona |
Rojas González, German |
| Fechas asociadas al nombre |
1953 - ? |
| 245 10 - TITULO PROPIAMENTE DICHO |
| Título |
Manual de derecho civil |
| Mención de responsabilidad, etc. |
Germán Rojas González |
| 250 ## - MENCION DE EDICION |
| Mención de edición |
Primera edición |
| 264 #1 - PRODUCCION, PUBLICACION , DISTRIBUCION, FABRICACION Y COPYRIGHT |
| Lugar de producción, publicación, distribución, fabricación |
Bogotá, Colombia |
| Nombre del productor, editor, distribuidor, fabricante |
Ecoe Ediciones |
| Fecha de de producción, publicación, distribución, fabricación o copyright |
2001 |
| 300 ## - DESCRIPCION FISICA |
| Extensión |
292 páginas |
| Dimensiones |
24 cm |
| 336 ## - TIPO DE CONTENIDO |
| Fuente |
rdacontenido |
| Término de tipo de contenido |
texto |
| Código de tipo de contenido |
txt |
| 337 ## - TIPO DE MEDIO |
| Fuente |
rdamedio |
| Nombre del tipo de medio |
sin mediación |
| Código del tipo de medio |
n |
| 338 ## - TIPO DE SOPORTE |
| Fuente |
rdasoporte |
| Nombre del tipo de soporte |
volumen |
| Código del tipo de soporte |
nc |
| 490 ## - MENCION DE SERIE |
| Mención de serie |
Textos Universitarios. |
| Designación de volumen o secuencia |
Las leyes de Colombia |
| 506 1# - NOTA DE RESTRICCIONES AL ACCESO |
| Limitaciones de acceso |
Contenido solo disponible en los productos indicados |
| Usuarios autorizados (R ) |
vLex Global |
| -- |
vLex Global (Academic Edition, excluding Law Schools) |
| -- |
vLex Global (U.S. Academic Edition, Law Schools) |
| -- |
vLex Global (U.S. Academic Edition, excluding Law Schools) |
| -- |
vLex Global (Academic Edition, Law Schools) |
| 650 17 - PUNTO DE ACCESO ADICIONAL DE MATERIA - TERMINO DE MATERIA |
| Fuente del encabezamiento |
ARMARC |
| Término de materia o nombre geográfico como elemento inicial |
Filosofía del derecho |
| 650 17 - PUNTO DE ACCESO ADICIONAL DE MATERIA - TERMINO DE MATERIA |
| Fuente del encabezamiento |
ARMARC |
| Término de materia o nombre geográfico como elemento inicial |
Derecho civil |
| Subdivisión de forma |
Colombia |
| Subdivisión de materia general |
Manuales |
| 740 0# - PUNTO DE ACCESO ADICIONAL - TITULO RELACIONADO O ANALITICO NO CONTROLADO |
| Título relacionado o analítico no controlado |
vLex Libros (Servicios en línea) |
| 856 40 - LOCALIZACION Y ACCESO ELECTRONICO |
| Identificador Uniforme del Recurso (URI) |
<a href="http://vlex.com/source/2491">http://vlex.com/source/2491</a> |
| Nota pública |
Acceso restringido |
| 942 ## - ENTRADA DE ELEMENTOS AGREGADOS (KOHA) |
| Koha [por defecto] tipo de item |
LIbro |
| Fuente de clasificaión o esquema |
Dewey Decimal Classification |